| 000 | 00473 a2200157 4500 | ||
|---|---|---|---|
| 999 |
_c3988 _d3988 |
||
| 020 | _a8175810475 | ||
| 050 | 1 | 0 | _aPR 4144 LAL 2002 |
| 100 | 1 |
_aRamji Lall _eauthor |
|
| 245 | 1 | 0 | _aWilliam Blake songs of innocence & of experience. |
| 250 | _a24th Edition | ||
| 264 |
_aNew Dehli: _bRama Brothers, _c2002. |
||
| 300 | _a323 p. . | ||
| 500 | _aIncludes text, notes, explanations and questions with answers. | ||
| 650 | _aPoetry | ||
| 942 |
_2lcc _cBK _h4141 _iLAL _kPR _e24th Edition |
||